00417 2200157 4500001002100000008004100021035002000062245007000082100001600152250000600168260003700174084001400211082000800225650001400233990001200247INLIS000000000001491 ind  a0010-1124000014 aAl Qur'an,Trans Liteasi Perkata dan Terjemah PerkatacAt- Thayyib aAt- Thayyib a1 aYogyakarta :bCipta Bagus Segara a200 ATT a a200 aReferensi a0715320